|
|
|
|
| LEADER |
00000nam0a2200000 4500 |
| 001 |
306912 |
| 005 |
20231102001936.0 |
| 020 |
|
|
|a RU
|b 83-85267
|
| 035 |
|
|
|a (RuTPU)RU\TPU\book\332189
|
| 090 |
|
|
|a 306912
|
| 100 |
|
|
|a 20151013d1983 km y0rusy5003 ca
|
| 101 |
0 |
|
|a rus
|
| 102 |
|
|
|a RU
|
| 105 |
|
|
|a a z 001zy
|
| 200 |
1 |
|
|a Пространственные конструкции в Красноярском крае
|e межвузовский сборник
|f Красноярский политехнический институт (КПИ) ; под ред. Н. П. Абовского
|
| 210 |
|
|
|a Красноярск
|c Изд-во Красноярского политехнического ин-та
|d 1983
|
| 215 |
|
|
|a 205 с.
|c ил.
|
| 320 |
|
|
|a Библиография в конце статей
|
| 606 |
1 |
|
|a Пространственные конструкции
|x Расчет
|2 stltpush
|3 (RuTPU)RU\TPU\subj\52794
|9 71191
|
| 610 |
1 |
|
|a пространственные конструкции железобетонные
|
| 610 |
1 |
|
|a пространственные конструкции сталежелезобетонные
|
| 610 |
1 |
|
|a проектирование
|
| 610 |
1 |
|
|a Сибирь
|
| 610 |
1 |
|
|a Красноярский край
|
| 675 |
|
|
|a 624.074
|z rus
|v 3
|
| 702 |
|
1 |
|a Абовский
|b Н. П.
|g Наум Петрович
|4 340
|
| 712 |
0 |
2 |
|a Красноярский политехнический институт (КПИ)
|c (1956-1993)
|2 stltpush
|3 (RuTPU)RU\TPU\col\272
|
| 801 |
|
0 |
|a RU
|b RuMRKP
|c 19950704
|g psbo
|
| 801 |
|
1 |
|a RU
|b 63413507
|c 20151013
|
| 801 |
|
2 |
|a RU
|b 63413507
|c 20180717
|g RCR
|
| 942 |
|
|
|c BK
|